LEADER 00924nam0-22003251--450 001 990008749260403321 005 20180706094743.0 035 $a000874926 035 $aFED01000874926 035 $a(Aleph)000874926FED01 035 $a000874926 100 $a20081106d1964----km-y0itay50------ba 101 0 $aita 102 $aIT 105 $ay-------001yy 200 1 $aCommento allo statuto della Regione Friuli-Venezia Giulia$fLivio Paladin 210 $aUdine$cDel Bianco$d1964 215 $a215 p.$d22 cm 676 $a342.453 909$v20 700 1$aPaladin,$bLivio$0133058 712 01$aFriuli-Venezia Giulia$c 801 0$aIT$bUNINA$gRICA$2UNIMARC 901 $aBK 912 $a990008749260403321 952 $aI I 42$b76160$fFGBC 952 $aDP XX-33$fDEC 959 $aFGBC 959 $aDEC 996 $aCommento allo statuto della Regione Friuli-Venezia Giulia$9719738 997 $aUNINA LEADER 01006nam2 2200301 i 450 001 AQ10065589 005 20251003044043.0 010 $a8882390853 020 $aIT$b2004-800 100 $a20090326d2003 ||||0itac50 ba 101 | $aita 102 $ait 181 1$6z01$ai $bxxxe 182 1$6z01$an 200 0 $a1$fArmando Monte 205 $a4. ed 210 $aTorino$cEdizioni Libreria Cortina$d2003 215 $aXXIII, 822 p.$d24 cm. 461 1$1001AQ10007069$12001 $aElementi di impianti industriali$fArmando Monte$v1 606 $aImpianti industriali$xGestione$2FIR$3CFIC066089$9I 676 $a658.2$9GESTIONE DEGLI IMPIANTI$v14 801 3$aIT$bIT-000000$c20090326 850 $aIT-BN0095 912 $aAQ10065589 950 2$aBiblioteca Centralizzata di Ateneo$cv. 1-2$d 01SALA DING 658.2 MON.el$e 0102 0000054175 VMA (0001 v. 1$fY $h20040505$i20040505 977 $a 01 996 $a1$961339 997 $aUNISANNIO